| 000 | 00613 a2200181 4500 | ||
|---|---|---|---|
| 003 | Nust | ||
| 005 | 20230721122516.0 | ||
| 040 | _cNust | ||
| 082 | _a621.381,ELE | ||
| 245 |
_aElectronics / _cDr Mohammad Aslam |
||
| 250 | _aVOl-3 | ||
| 260 |
_aNational Institue of Electronics _bIslamabad _c1982 |
||
| 300 | _a364 p | ||
| 505 | _aSection 1:- Communications (Page-1), Section 2:- Computers and Control Systems (Page-107), Section 3:- General (Page-197), Section 4:- Instrumentation (Page-295). | ||
| 600 |
_aDr Mohammad Aslam _9113784 |
||
| 650 |
_aElectronics VOl-3 _9113785 |
||
| 942 |
_2ddc _cBK _k621.381,ELE |
||
| 999 |
_c181217 _d181217 |
||